000 00325nam a2200121Ia 4500
008 220217s9999||||xx |||||||||||||| ||und||
082 _a005.13 KRI
100 _aKrishnan, C.M Saravann, M
_91928
245 0 _aVisual basic 6.1: in 30days
260 _aScitech
_bChanai
_c2001
300 _b220
650 _aSOFTWARE DESIGN
999 _c167813
_d167813